| 000 | 01530nam a22004457a 4500 | ||
|---|---|---|---|
| 001 | 406001 | ||
| 003 | LIBRIS | ||
| 005 | 20210420052748.0 | ||
| 008 | 011211s1982 xxk 001 0 eng c | ||
| 020 | _a0808914774 | ||
| 040 |
_aeng _beng _cDLC |
||
| 080 |
_a616.89 _bB-43 |
||
| 082 |
_a616.8 _219 |
||
| 082 |
_a616.8 _219 |
||
| 084 |
_aVef _2kssb/6 |
||
| 084 |
_aVlf _2kssb/6 |
||
| 084 |
_aVef _2kssb/6 |
||
| 084 |
_aVlf _2kssb/6 |
||
| 100 |
_9338 _aBenson, D. Frank |
||
| 245 | 0 | 0 |
_aPsychiatric aspects of neurologic disease. _nVol. 2 |
| 260 |
_aNew York : _bGrune & Stratton, _cCop. 1982 |
||
| 300 |
_axviii, 325 s. : _bill. ; _c24cm |
||
| 650 | 7 |
_aNeuropsychiatry _2BNB |
|
| 650 | 0 |
_aPsychiatry _9131 |
|
| 650 | 2 | _aMental disorders | |
| 650 | 7 |
_aman _2BNB |
|
| 650 | 2 | _aMental disorders | |
| 650 | 2 | _aNervous system diseases | |
| 653 | _aფსიქიატრია | ||
| 653 | _aნეიროფსიქიატრია | ||
| 653 | _aმენტალური დარღვევები | ||
| 653 | _aნერვული სისტემის დაავადებები | ||
| 700 | 1 |
_aBenson, D. Frank _4edt |
|
| 700 | 1 |
_aBlumer, Dietrich _4edt |
|
| 772 | 0 | 0 |
_7nn _tPsychiatric aspects of neurologic disease _ced. by D. Frank Benson, Dietrich Blumer _dNew York : Grune & Stratton, 1975-1982 _kSeminars in psychiatry _w9904206694 |
| 942 |
_2udc _cBK |
||
| 999 |
_c431 _d431 |
||